| 000 | 03104cam a22005294a 4500 | ||
|---|---|---|---|
| 001 | muse87298 | ||
| 003 | MdBmJHUP | ||
| 005 | 20210127151810.0 | ||
| 006 | m o d | ||
| 007 | cr||||||||nn|n | ||
| 008 | 200729s2020 onc o 00 0 eng d | ||
| 020 | _a9780776636429 | ||
| 020 | _a0776636421 | ||
| 020 | _z9780776636405 | ||
| 035 | _a(OCoLC)1190673952 | ||
| 040 |
_aMdBmJHUP _cMdBmJHUP |
||
| 041 | 0 |
_aeng _afre |
|
| 050 | 4 |
_aRA644.C67 _bV85 2020 |
|
| 082 | 0 |
_a362.1962/414 _223 |
|
| 245 | 1 | 0 |
_aVulnerable _bThe Law, Policy and Ethics of COVID-19 / _cedited by Colleen M. Flood, Vanessa MacDonnell, Jane Philpott, Sophie Theriault, and Sridhar Venkatapuram, . |
| 264 | 1 | _bProject Muse, | |
| 264 | 3 | _bProject MUSE, | |
| 300 |
_a1 online resource (xv, 630 pages) : _billustrations (some color), color map |
||
| 500 | _aIssued as part of book collections on Project MUSE. | ||
| 504 | _aIncludes bibliographical references and index. | ||
| 506 | 0 |
_aOpen Access _fUnrestricted online access _2star |
|
| 520 | _aThe novel coronavirus SARS-CoV-2, which causes the disease known as COVID-19, has infected people in 212 countries so far and on every continent except Antarctica. Vast changes to our home lives, social interactions, government functioning and relations between countries have swept the world in a few months and are difficult to hold in one's mind at one time. That is why a collaborative effort such as this edited, multidisciplinary collection is needed. This book confronts the vulnerabilities and interconnectedness made visible by the pandemic and its consequences, along with the legal, ethical and policy responses. These include vulnerabilities for people who have been harmed or will be harmed by the virus directly and those harmed by measures taken to slow its relentless march; vulnerabilities exposed in our institutions, governance and legal structures; and vulnerabilities in other countries and at the global level where persistent injustices harm us all. Hopefully, COVID-19 will forces us to deeply reflect on how we govern and our policy priorities; to focus preparedness, precaution, and recovery to include all, not just some. | ||
| 546 | _aSome contributions in French. | ||
| 588 | _aDescription based on print version record. | ||
| 650 | 0 |
_aCOVID-19 (Disease) _xSocial aspects. |
|
| 655 | 0 | _aElectronic books. | |
| 655 | 7 |
_aElectronic books. _2local |
|
| 700 | 1 |
_aVenkatapuram, Sridhar, _eeditor. |
|
| 700 | 1 |
_aTheriault, Sophie, _d1976- _eeditor. |
|
| 700 | 1 |
_aPhilpott, Jane, _d1960- _eeditor. |
|
| 700 | 1 |
_aMacDonnell, Vanessa, _eeditor. |
|
| 700 | 1 |
_aFlood, Colleen M., _eeditor. |
|
| 710 | 2 |
_aProject Muse, _edistributor. |
|
| 776 | 1 | 8 |
_iPrint version: _z9780776636405 |
| 710 | 2 |
_aProject Muse. _edistributor |
|
| 830 | 0 | _aBook collections on Project MUSE. | |
| 856 | 4 | 0 |
_zFull text available: _uhttps://muse.jhu.edu/book/76885/ |
| 999 |
_c27067 _d27067 |
||